Catalog

Record Details

Catalog Search



Sociální zabezpečení I : sociální zabezpečení v České republice, lékařská posudková služba, pojistné, systémy sociálního zabezpečení  Cover Image Book Book

Sociální zabezpečení I : sociální zabezpečení v České republice, lékařská posudková služba, pojistné, systémy sociálního zabezpečení / Anna Arnoldová

Record details

  • ISBN: 978-80-247-3724-9
  • Physical Description: 350 s. ; 21 cm
  • Edition: 1. vyd.
  • Publisher: Praha : Grada, 2012

Content descriptions

General Note:
Seznam právních předpisů
Bibliography, etc. Note:
Obsahuje bibliografii, bibliografické odkazy a rejstřík
Subject: sociální zabezpečení > Česko
social security > Czechia
Genre: učebnice
textbooks

Available copies

  • 3 of 3 copies available at Common Catalog SPOK.

Holds

  • 0 current holds with 3 total copies.
Show Only Available Copies
Location Call Number / Copy Notes Barcode Shelving Location Status Due Date
Jabok Library SPo-4.1 /A 424480028416 Odborná literatura Available -
Jabok Library SPo-4.1 /A 424480028426 Odborná literatura Available -
Jabok Library SPo-4.1 /A 424480036737 Odborná literatura Available -

LDR 01455nam a2200397 a 4500
00116712
003CZ-PrJAB
00520200401052219.0
007ta
008120420s2012 xr e p 001 0 cze
015 . ‡acnb002361410
020 . ‡a978-80-247-3724-9 ‡q(brož.)
035 . ‡a(CZ PrNK)nkc20122361410
035 . ‡a(OCoLC)798994172
040 . ‡aOLA001 ‡bcze ‡dABA001
043 . ‡ae-xr---
072 7. ‡a364 ‡xSociální problémy vyžadující podporu a pomoc. Sociální zabezpečení ‡2Konspekt ‡918
072 7. ‡a37.016 ‡xUčební osnovy. Vyučovací předměty. Učebnice ‡2Konspekt ‡922
080 . ‡a364 ‡2MRF
080 . ‡a(437.3) ‡2MRF
080 . ‡a(075) ‡2MRF
1001 . ‡aArnoldová, Anna, ‡d1950- ‡7jn20001227816 ‡4aut
24510. ‡aSociální zabezpečení I : ‡bsociální zabezpečení v České republice, lékařská posudková služba, pojistné, systémy sociálního zabezpečení / ‡cAnna Arnoldová
250 . ‡a1. vyd.
260 . ‡aPraha : ‡bGrada, ‡c2012
300 . ‡a350 s. ; ‡c21 cm
4901 . ‡aAktuální legislativa
500 . ‡aSeznam právních předpisů
504 . ‡aObsahuje bibliografii, bibliografické odkazy a rejstřík
65007. ‡asociální zabezpečení ‡7ph116215 ‡zČesko ‡2czenas
65009. ‡asocial security ‡zCzechia ‡2eczenas
655 7. ‡aučebnice ‡7fd133770 ‡2czenas
655 9. ‡atextbooks ‡2eczenas
830 0. ‡aAktuální legislativa
910 . ‡aABG312
901 . ‡a16712 ‡bCZ PrNK ‡c16712 ‡tbiblio

Additional Resources